| 000 | 00745nam a22002177a 4500 | ||
|---|---|---|---|
| 999 |
_c6252 _d6252 |
||
| 001 | 904 | ||
| 003 | BD-DhUAP | ||
| 005 | 20201228111114.0 | ||
| 008 | 201228s1989 bg ||||| |||| 00| 0 eng d | ||
| 040 |
_aBD-DhUAP _bEng _cBD-DhUAP _dBD-DhUAP |
||
| 082 |
_223 _a016.95492 BAN |
||
| 110 |
_aBangladesh, _bSocial Science Research Council. |
||
| 245 |
_aSocial science research in Bangladesh, 1978-87 : _bannotated bibliography. |
||
| 260 |
_aDhaka : _bMinistry of Planning Government of the People Republic of Bangladesh, _cc1991. |
||
| 300 |
_aVolumes ; _c25 cm. |
||
| 505 | _aV. 2- Agricultural economics and sociology. | ||
| 650 |
_aSocial science _vresearch _zBangladesh. |
||
| 650 | _aEconomics | ||
| 650 | _aTrade and Banking | ||
| 942 |
_2ddc _cBK |
||